[Event "Charlotte GM-A MLK 2022"]
[Site "Charlotte"]
[Date "2022.01.14"]
[Round "1.1"]
[White "Stremavicius, Titas"]
[Black "Stearman, Josiah"]
[Result "1-0"]
[WhiteElo "2506"]
[BlackElo "2406"]
[Annotator "TA"]
[PlyCount "131"]
[EventDate "2022.01.13"]
[EventType "tourn"]
[EventCountry "USA"]
[SourceTitle "playchess.com"]
[Source "ChessBase"]
[SourceQuality "1"]

{[%evp 13,131,20,14,20,18,15,21,17,16,6,14,11,12,8,9,16,15,13,16,0,60,57,63,54,71,43,86,82,89,72,82,64,75,83,87,79,77,12,17,0,0,0,15,4,2,3,93,96,95,96,158,156,374,381,373,357,393,368,336,347,518,475,509,504,495,297,293,297,287,255,837,837,837,831,804,782,733,711,2018,1859,2468,1752,1886,1887,1728,1695,12841,12842,12847,12847,27999,27997,27997,27997,27994,27996,27993,27997,27996,27996,27997,27997,27998,27998,27999,27999,27997,27997,27998,27997,27998,27998,27996,27996,27997,27996,27997,27997,27998,27998]} 1. c4 c6 2. d4 d5 3. cxd5 cxd5 4. Bf4 Nc6 5. e3 Nf6 6. Nc3 Bf5 7. Qb3 Na5 8. Qa4+ {D10: Slav Defence: 3 cxd5 (without early Nf3) and 3 Nc3.} Bd7 9. Qc2 {Black should prevent Nb5.} e6 10. Nf3 {The position is equal.} Be7 11. Bd3 Nc6 12. a3 Nh5 13. Be5 (13. Bxh7 Nxf4 14. exf4 g6 15. Bxg6 fxg6 16. Qxg6+ Kf8 $17) 13... f6 14. Bg3 {14.Bf4 is not played anymore.} (14. Bxh7 fxe5 15. Bg6+ (15. Qg6+ Kf8 $17) 15... Kf8 16. dxe5 Kg8 $17) 14... f5 15. Be5 Nf6 16. h3 {[%cal Og2g4] [#]} Qa5 $146 (16... O-O $11) ({Predecessor:} 16... O-O 17. Bh2 Ne4 18. O-O Rc8 19. Rfc1 Be8 20. Qd1 Bh5 21. Be2 Kh8 22. Rc2 Bd6 23. Bxd6 Qxd6 {½-½ (131) Xiong,J (2709)-Lazavik,D (2440) Chess.com INT 2021}) 17. O-O {[%cal Og2g4]} Nxe5 18. Nxe5 (18. dxe5 $6 Ne4 $11) 18... a6 19. Rfc1 {White is more active.} Bd6 (19... Qd8 $14) 20. Nxd7 $16 Nxd7 {[#]} 21. Bxf5 $1 exf5 22. Qxf5 Nf6 {[%cal Bd7f6,Bf6e4,Be4g5][%mdl 32]} 23. e4 $1 {[%cal Be3e4,Be4e5][%mdl 32]} Be7 24. e5 ({Not} 24. exd5 O-O 25. Qc2 Rf7 $17) (24. Nxd5 Nxd5 25. exd5 Qd8 $11) 24... Ne4 25. Qe6 (25. b4 $1 $16 {[%cal Rb4a5]} Qd8 26. Nxe4 dxe4 27. Qxe4) 25... Ng5 $1 $11 26. Qxd5 Qxd5 27. Nxd5 {Strongly threatening Nc7+.} Bd8 28. Nc7+ Bxc7 29. Rxc7 {With the idea d5.} O-O (29... Ne6 $11 {keeps the balance.} 30. Rxb7 Rd8) 30. d5 $1 $36 {[%cal Bd4d5,Bd5d6,Bd6d7][%mdl 2080] White has strong initiative.} ({Don't do} 30. Rxb7 Rad8 $14) 30... Rad8 31. h4 $1 {aiming for Re1.} Ne4 {[#]} (31... Nf7 $142) 32. d6 $1 Nxf2 $2 {This move loses the game for Black.} (32... b5 $16 {was worth a try.}) 33. d7 $18 Kf7 34. Rf1 (34. Kxf2 Ke6+ 35. Ke3 Rxd7 36. Rxd7 Kxd7 37. Rd1+ Ke6 $18) 34... Ke6 {[%cal Of2h3]} 35. Rxf2 Rxf2 36. Kxf2 {[%mdl 4096] Endgame KR-KR} b5 (36... b6 $142 37. Rb7 b5) 37. Ke3 ({Less strong is} 37. Rc6+ Kxe5 38. Rxa6 Rxd7 $16) 37... Kxe5 38. Ra7 Kd5 39. b3 {[%cal Bb2b3,Bb3b4][%mdl 32]} Kc5 {Hoping for ...Kb6.} 40. Rxa6 {Threatens to win with b4+.} Rxd7 {[#]} 41. h5 {To avoid g6} Rd5 $2 (41... Kd5 42. Ra5 Kc6) 42. b4+ Kc4 43. Rc6+ Kb3 44. Rc5 Rd7 45. Rxb5 Kxa3 46. Ke4 Kb3 47. Rd5 Rb7 48. b5 Kc4 49. Re5 g6 50. hxg6 hxg6 51. Re6 Kxb5 52. Rxg6 {White mates.} Kc5 53. g4 {[%cal Bg2g4,Bg4g5,Bg5g6,Bg6g7][%mdl 32]} Rb1 54. Ra6 Rg1 55. Kf5 Kd5 56. g5 Rf1+ 57. Kg6 Rg1 58. Kf6 Rf1+ 59. Kg7 Ke5 60. g6 Rb1 61. Kh7 Rh1+ 62. Kg8 Rg1 63. g7 Rh1 64. Kf7 Rf1+ 65. Kg6 Rg1+ 66. Kh7 {Weighted Error Value: White=0.08 (flawless) /Black=0.27 (precise)} 1-0

[Event "Charlotte GM-A MLK 2022"]
[Site "Charlotte"]
[Date "2022.01.14"]
[Round "1.2"]
[White "Talukdar, Rohan"]
[Black "Gauri, Shankar"]
[Result "1-0"]
[WhiteElo "2329"]
[BlackElo "2325"]
[Annotator "ChessBase"]
[PlyCount "77"]
[EventDate "2022.01.13"]
[EventType "tourn"]
[EventCountry "USA"]
[SourceTitle "playchess.com"]
[Source "ChessBase"]
[SourceQuality "1"]
[TimeControl "5400+30"]

1. e4 {[%emt 0:00:02]} e5 {[%emt 0:01:18]} 2. Nf3 {[%emt 0:00:14]} Nc6 {[%emt 0:00:16]} 3. Bb5 {[%emt 0:00:08]} Nf6 {[%emt 0:00:37]} 4. d3 {[%emt 0:00:19]} Bc5 {[%emt 0:00:06]} 5. c3 {[%emt 0:00:04]} d5 {[%emt 0:01:37]} 6. exd5 {[%emt 0:00:08]} Qxd5 {[%emt 0:00:08]} 7. Bc4 {[%emt 0:00:01]} Qd6 {[%emt 0:00:44]} 8. Nbd2 {[%emt 0:00:05]} O-O {[%emt 0:02:29]} 9. Qe2 {[%emt 0:00:04]} Bf5 {[%emt 0:12:49]} 10. Ng5 {[%emt 0:00:14]} Bb6 {[%emt 0:06:49]} 11. Nde4 {[%emt 0:00:06]} Nxe4 {[%emt 0:07:40]} 12. dxe4 {[%emt 0:00:57]} Bg6 {[%emt 0:02:32]} 13. h4 {[%emt 0:02:54]} h6 {[%emt 0:02:41]} 14. h5 {[%emt 0:01:27]} Bh7 {[%emt 0:00:25]} 15. Nxh7 {[%emt 0:16:06]} Kxh7 {[%emt 0:00:47]} 16. g4 {[%emt 0:00:16]} f6 {[%emt 0:26:54]} 17. a3 {[%emt 0:09:34]} Nd8 {[%emt 0:05:55]} 18. Qf3 {[%emt 0:02:58]} Nf7 {[%emt 0:00:30]} 19. Bd2 {[%emt 0:46:58]} Ng5 {[%emt 0:00:31]} 20. Qf5+ {[%emt 0:00:15]} Kh8 {[%emt 0:00:01]} 21. Rd1 {[%emt 0:03:02]} Rad8 {[%emt 0:00:03]} 22. Bb3 {[%emt 0:01:51]} Qe7 {[%emt 0:17:41]} 23. O-O {[%emt 0:04:24]} Bc5 {[%emt 0:02:35]} 24. Kg2 {[%emt 0:00:20]} Rd6 {[%emt 0:01:34]} 25. Bc1 {[%emt 0:00:24]} Rdd8 {[%emt 0:01:17]} 26. Bd5 {[%emt 0:01:15]} c6 {[%emt 0:00:34]} 27. Bc4 {[%emt 0:00:27]} b5 {[%emt 0:00:47]} 28. Ba2 {[%emt 0:00:47]} Bb6 {[%emt 0:00:31]} 29. Bb3 {[%emt 0:00:16]} a6 {[%emt 0:04:06]} 30. Rxd8 {[%emt 0:04:29]} Rxd8 {[%emt 0:00:04]} 31. Rd1 {[%emt 0:00:03]} Rxd1 {[%emt 0:01:11]} 32. Bxd1 {[%emt 0:00:01]} Qd8 {[%emt 0:00:47]} 33. Bb3 {[%emt 0:00:30]} c5 {[%emt 0:00:26]} 34. Bd5 {[%emt 0:00:41]} c4 {[%emt 0:00:26]} 35. Bxg5 {[%emt 0:01:27]} hxg5 {[%emt 0:00:36]} 36. Qg6 {[%emt 0:01:56]} Bc5 {[%emt 0:00:31]} 37. Be6 {[%emt 0:00:33]} Bf8 {[%emt 0:00:30]} 38. h6 {[%emt 0:00:33]} Qe7 {[%emt 0:00:07]} 39. Bf7 {[%emt 0:00:10]} 1-0

[Event "Charlotte GM-A MLK 2022"]
[Site "Charlotte"]
[Date "2022.01.14"]
[Round "1.3"]
[White "Hilby, Craig"]
[Black "Zhou, Jianchao"]
[Result "0-1"]
[WhiteElo "2434"]
[BlackElo "2617"]
[Annotator "TA"]
[PlyCount "92"]
[EventDate "2022.01.13"]
[EventType "tourn"]
[EventCountry "USA"]
[SourceTitle "playchess.com"]
[Source "ChessBase"]
[SourceQuality "1"]

{[%evp 13,91,10,16,0,0,0,20,15,23,10,10,22,18,0,18,19,52,18,41,40,30,22,16,-46,2,-24,-26,-27,-34,-26,-25,-66,-131,-135,-112,-91,-122,-183,-181,-235,-42,-59,-43,-57,-47,-79,-44,-79,6,8,8,8,8,-757,-757,-757,-735,-1172,-1172,-1151,-1139,-1053,-1047,-998,-900,-867,-574,-6098,-6091,-5588,-2408,-29978,-29979,-29994,-29995,-29995,-29996,-29998,-29999,-29999]} 1. e4 c5 2. Nf3 d6 3. d4 cxd4 4. Nxd4 Nf6 5. Nc3 a6 6. Be3 e5 7. Nf3 Be7 8. h3 {B90: Sicilian Najdorf: Unusual White 6th moves, 6 Be3 Ng4 and 6 Be3 e5.} Be6 {The modern move.} 9. g4 {[%cal Bg2g4,Bg4g5][%mdl 32]} O-O 10. g5 {The position is equal.} Nh5 11. h4 Nd7 {[#]} 12. Bh3 $146 ({Predecessor:} 12. Nxe5 Nxe5 13. f4 Bg4 14. Be2 Bxe2 15. Qxe2 Ng3 16. Qg2 Nxh1 17. Qxh1 Nc6 18. h5 {0-1 (25) Katranov,M-Schmidtmann,S (1039) Mureck 2013}) 12... Rc8 13. Nd5 {Prevents Nb6.} Re8 14. c3 Nc5 15. Ng1 g6 16. Qc2 Qa5 17. a4 Qd8 18. b4 (18. Rd1 $11) 18... Nd7 (18... Bxd5 $15 19. exd5 Nd7) 19. Qd3 Nf4 20. Bxf4 Bxd5 21. Qxd5 {And now Bd2 would win.} exf4 22. Qxb7 (22. e5 $1 $11 {is superior.}) 22... Rc7 $1 $15 23. Qxa6 Ne5 $1 24. Ne2 f3 25. Ng3 (25. Nf4 $17 Rxc3 26. Nd5) 25... Rxc3 $19 {Hoping for ...Nd3+.} 26. O-O {[#]} (26. Qb5 $142 h6 27. h5) 26... Nd3 $2 ({Better is} 26... Bxg5 $1 $19 {[%mdl 512]} 27. Qa5 (27. hxg5 $2 Qxg5 28. Qb5 Rf8 $19) 27... Qxa5 28. bxa5 Bxh4) 27. Qb5 Nf4 {[%mdl 1024] Black has compensation.} 28. Bd7 Rf8 29. a5 d5 {Threatens to win with ...Qc7.} 30. a6 {[#]} Ne2+ (30... Qc7 $1 $17 {Strongly threatening ...Nd3.} 31. exd5 Ne2+ 32. Nxe2 fxe2) 31. Nxe2 $11 fxe2 32. Rfe1 {aiming for a7.} Bxg5 $1 33. a7 $2 {[%mdl 8192] Loses the game.} ({Much weaker is} 33. Qxe2 Bxh4 34. Bg4 Qc7 $17) ({Avoid the trap} 33. exd5 $2 Bf4 34. Qxe2 Qxd7 $19) (33. Rxe2 $11 Bf4 34. Qxd5 (34. a7 $2 Qxh4 35. Rea2 d4 $19) 34... Qxh4 35. e5) 33... Bf4 $19 34. Qxe2 Qxd7 35. a8=Q Qh3 36. f3 Rxa8 37. Rxa8+ Kg7 38. Qg2 Qxh4 39. Raa1 Qh5 40. Rad1 Rxf3 {( -> ...Rg3)} 41. Rxd5 g5 {...Rg3 is the strong threat.} 42. Qb2+ Kg6 {Black mates.} 43. Re2 Qg4+ 44. Rg2 Be3+ {[%mdl 64] Discovered Attack} 45. Kh1 Rh3+ 46. Rh2 Qg1# {Weighted Error Value: White=0.77/Black=0.18 (very precise)} 0-1

[Event "Charlotte GM-A MLK 2022"]
[Site "Charlotte"]
[Date "2022.01.14"]
[Round "1.4"]
[White "Vazquez, Guillermo"]
[Black "Mishra, Abhimanyu"]
[Result "1/2-1/2"]
[WhiteElo "2532"]
[BlackElo "2510"]
[Annotator "TA"]
[PlyCount "61"]
[EventDate "2022.01.13"]
[EventType "tourn"]
[EventCountry "USA"]
[SourceTitle "playchess.com"]
[Source "ChessBase"]
[SourceQuality "1"]

{[%evp 9,61,14,34,33,19,29,39,34,27,33,28,31,31,17,24,18,21,27,9,0,0,0,0,0,0,0,0,-14,0,0,0,0,-2,0,0,0,0,0,0,0,0,0,0,0,0,0,0,0,0,0,0,0,0,0]} 1. e4 c5 2. Nf3 d6 3. Bb5+ Nd7 4. a4 {[%cal Ba2a4,Ba4a5][%mdl 32]} Ngf6 5. Nc3 g6 6. a5 {B51: Sicilian: Moscow Variation (3 Bb5+) without 3...Bd7.} Bg7 7. O-O a6 8. Be2 {White is slightly better.} O-O 9. d3 b5 10. axb6 $1 Nxb6 11. Qd2 a5 12. Qg5 {[#]} Ne8 $146 ({Predecessor:} 12... Nfd7 13. Qh4 Nb8 14. Bh6 Nc6 15. Nd5 f6 16. c3 Be6 17. Ne3 Bf7 18. Bxg7 Kxg7 {1-0 (61) Nepomniachtchi,I (2792)-Pichot,A (2630) chess24.com INT 2021}) 13. Qh4 Nc7 14. Bh6 {[%cal Od3d4] The position is equal.} e5 $1 {[#] Inhibits d4. Hoping for ...Qxh4.} 15. Qxd8 Rxd8 16. Bxg7 Kxg7 17. Ra2 a4 18. Rfa1 {[%cal Rc3a4]} Bd7 19. Kf1 Ne6 20. Nd2 Nd4 21. Bd1 Be6 {To avoid Nd5} 22. Ra3 {[%cal Rc3a4]} Rdb8 {[%cal Bd8b8,Bb8b7,Bb7b2,Bb2c2][%mdl 32]} 23. Ke1 h5 24. h4 Rb7 25. Nxa4 Rxa4 26. Rxa4 Nxa4 27. Rxa4 Rxb2 28. Ra6 Nxc2+ 29. Bxc2 Rxc2 30. Rxd6 c4 31. Nxc4 {Weighted Error Value: White=0.01 (flawless) /Black=0.03 (flawless)} 1/2-1/2

[Event "Charlotte GM-A MLK 2022"]
[Site "Charlotte"]
[Date "2022.01.14"]
[Round "1.5"]
[White "Vivekananthan, Anish"]
[Black "Posthuma, Joshua"]
[Result "1/2-1/2"]
[WhiteElo "2319"]
[BlackElo "2359"]
[Annotator "ChessBase"]
[PlyCount "98"]
[EventDate "2022.01.13"]
[EventType "tourn"]
[EventCountry "USA"]
[SourceTitle "playchess.com"]
[Source "ChessBase"]
[SourceQuality "1"]
[TimeControl "5400+30"]

1. c4 {[%emt 0:00:03]} c5 {[%emt 0:00:32]} 2. Nf3 {[%emt 0:00:43]} g6 {[%emt 0:02:48]} 3. g3 {[%emt 0:02:13]} Bg7 {[%emt 0:00:22]} 4. Bg2 {[%emt 0:00:05]} Nc6 {[%emt 0:00:15]} 5. Nc3 {[%emt 0:00:11]} d6 {[%emt 0:00:22]} 6. d3 {[%emt 0:02:23]} Bf5 {[%emt 0:05:50]} 7. O-O {[%emt 0:02:54]} Qd7 {[%emt 0:00:25]} 8. Re1 {[%emt 0:00:15]} Bh3 {[%emt 0:00:56]} 9. Bh1 {[%emt 0:01:36]} h5 {[%emt 0:01:26]} 10. Bd2 {[%emt 0:02:42]} h4 {[%emt 0:01:44]} 11. Rb1 {[%emt 0:01:35]} Nf6 {[%emt 0:06:09]} 12. a3 {[%emt 0:03:35]} hxg3 {[%emt 0:04:11]} 13. fxg3 {[%emt 0:07:27]} Qf5 {[%emt 0:23:29]} 14. b4 {[%emt 0:07:12]} Ng4 {[%emt 0:14:07]} 15. Nd5 {[%emt 0:05:04]} Nd4 {[%emt 0:12:14]} 16. e3 {[%emt 0:14:33]} Nxf3+ {[%emt 0:04:22]} 17. Qxf3 {[%emt 0:02:01]} Qxf3 {[%emt 0:02:02]} 18. Bxf3 {[%emt 0:00:01]} Ne5 {[%emt 0:00:37]} 19. Be2 {[%emt 0:03:50]} Rb8 {[%emt 0:00:10]} 20. Rbd1 {[%emt 0:14:20]} Bg4 {[%emt 0:02:47]} 21. Bc3 {[%emt 0:03:22]} Bxe2 {[%emt 0:01:14]} 22. Rxe2 {[%emt 0:00:01]} e6 {[%emt 0:01:03]} 23. Bxe5 {[%emt 0:01:59]} Bxe5 {[%emt 0:00:08]} 24. Nf4 {[%emt 0:04:17]} g5 {[%emt 0:00:53]} 25. Ng2 {[%emt 0:00:32]} Ke7 {[%emt 0:00:25]} 26. b5 {[%emt 0:03:24]} a6 {[%emt 0:04:25]} 27. Rb1 {[%emt 0:01:39]} d5 {[%emt 0:00:58]} 28. Rc2 {[%emt 0:00:35]} d4 {[%emt 0:00:43]} 29. e4 {[%emt 0:01:14]} axb5 {[%emt 0:02:01]} 30. Rxb5 {[%emt 0:01:58]} b6 {[%emt 0:00:01]} 31. Ne1 {[%emt 0:01:36]} Bc7 {[%emt 0:00:21]} 32. Nf3 {[%emt 0:05:11]} g4 {[%emt 0:00:42]} 33. Nd2 {[%emt 0:00:12]} Rh5 {[%emt 0:02:05]} 34. a4 {[%emt 0:00:29]} Rbh8 {[%emt 0:00:41]} 35. Nf1 {[%emt 0:00:02]} Ra8 {[%emt 0:00:43]} 36. Ra2 {[%emt 0:00:07]} Kd6 {[%emt 0:00:41]} 37. Nd2 {[%emt 0:00:22]} Rah8 {[%emt 0:02:00]} 38. Nb3 {[%emt 0:03:22]} Kc6 {[%emt 0:01:48]} 39. Rg2 {[%emt 0:01:48]} Kd6 {[%emt 0:01:30]} 40. a5 {[%emt 0:03:08]} bxa5 {[%emt 0:00:49]} 41. Nxa5 {[%emt 0:00:19]} Bxa5 {[%emt 0:01:45]} 42. Rxa5 {[%emt 0:00:04]} Rb8 {[%emt 0:00:34]} 43. Rd2 {[%emt 0:00:45]} Rb3 {[%emt 0:00:24]} 44. Ra6+ {[%emt 0:00:33]} Ke5 {[%emt 0:00:41]} 45. Rc6 {[%emt 0:01:05]} Kf6 {[%emt 0:00:01]} 46. Kg2 {[%emt 0:00:35]} Kg6 {[%emt 0:00:07]} 47. Rc8 {[%emt 0:00:52]} Kg7 {[%emt 0:00:24]} 48. Rc7 {[%emt 0:00:20]} Kg6 {[%emt 0:00:52]} 49. Rc8 {[%emt 0:00:04]} Kg7 {[%emt 0:00:54]} 1/2-1/2

[Event "Charlotte GM-A MLK 2022"]
[Site "Charlotte"]
[Date "2022.01.14"]
[Round "2.1"]
[White "Stearman, Josiah"]
[Black "Posthuma, Joshua"]
[Result "1/2-1/2"]
[WhiteElo "2406"]
[BlackElo "2359"]
[Annotator "TA"]
[PlyCount "137"]
[EventDate "2022.01.13"]
[EventType "tourn"]
[EventCountry "USA"]
[SourceTitle "playchess.com"]
[Source "ChessBase"]
[SourceQuality "1"]

{[%evp 9,137,47,50,46,41,45,37,55,46,50,41,43,61,47,49,63,47,26,40,35,43,36,38,23,26,0,0,0,0,0,0,0,0,0,0,0,0,0,0,-61,-65,-69,-63,-44,0,0,0,0,0,0,0,-4,0,0,0,0,0,0,0,0,0,-19,0,0,137,33,153,157,153,0,0,0,0,-8,53,2,2,-168,-168,-168,-158,-168,-160,-9336,-2411,-6925,-5697,-6111,-836,-673,0,0,0,0,0,0,0,0,0,0,0,-8,0,0,0,0,0,0,0,0,0,0,0,0,0,0,0,0,0,0,0,0,0,0,0,0,0,0,0,0]} 1. e4 {[%cal Be2e4,Be4e5][%mdl 32]} c6 2. d4 d5 3. e5 c5 4. dxc5 Nc6 5. f4 Nh6 6. Nf3 {B12: Caro-Kann: Advance Variation.} Bg4 7. Bd3 e6 8. Be3 {White is slightly better.} d4 9. Bf2 Bxc5 10. h3 Qa5+ 11. Nbd2 $1 Bxf3 12. Qxf3 Bb4 13. Rd1 Qxa2 14. O-O Bxd2 15. Rxd2 Nf5 $1 {[%cal Of5e3] [#]} 16. Rdd1 $146 {Ra1 is the strong threat.} ({Predecessor:} 16. b3 O-O 17. Rfd1 a5 18. Kh2 a4 19. Bxf5 exf5 20. Bxd4 Qa3 21. e6 Nxd4 22. exf7+ Rxf7 23. Rxd4 axb3 {½-½ (57) Balshaw,A (2454)-Genga,S (2427) ICCF email 2018}) 16... O-O 17. Ra1 Qxb2 18. Rfb1 Qc3 19. Be1 Qc5 20. Rxb7 Rab8 21. Rab1 Rxb7 22. Rxb7 {Threatens to win with Rb5.} Rc8 23. Kh2 (23. Qh5 g6 24. Qg5 Qd5 $15) 23... a5 24. Qh5 (24. Rb5 $11 Qa3 25. Rb3) 24... g6 $15 25. Qg5 Qd5 26. Rb5 Qd8 (26... Qd7 $15 27. Bxa5 Nce7) 27. Qxd8+ $11 Rxd8 28. Be4 Rc8 29. Rc5 Nfe7 30. Bh4 a4 31. Rc4 a3 32. Ra4 Kf8 33. Rxa3 Nb4 34. Ra7 Ned5 35. Rd7 Kg7 36. g4 Rc5 (36... Nxf4 $11 {remains equal.} 37. Bf6+ Kf8) 37. Rb7 (37. f5 $16 {Threatening mate with f6+.} gxf5 38. gxf5 exf5 39. Bxf5) 37... Rxc2+ (37... Rc4 $14) 38. Bxc2 $16 Nxc2 $14 {[%mdl 4096] Endgame KRB-KNN} 39. f5 $2 (39. Rb3 $1 $16) 39... gxf5 $11 40. gxf5 d3 41. Bg5 {Hoping for fxe6.} Nd4 ({Black should try} 41... Nce3 $11 42. Bxe3 Nxe3 43. fxe6 d2) 42. fxe6 (42. Bc1 $1 $14) 42... Nf3+ {Pair of Knights!} 43. Kg3 $2 (43. Kh1 $1 $11 {and White is okay.} Nxg5 44. Rd7) 43... Nxg5 $19 44. Rd7 Ne4+ 45. Kh4 Nec3 {White must now prevent ...d2.} 46. Rxf7+ $2 (46. e7 $17 Nxe7 47. Rxd3) 46... Kg8 (46... Kg6 $142 47. Rf2 Ne4 48. Rg2+ Kh6) 47. Rf2 Ne4 48. Rf3 d2 (48... Ne7 $142 49. Rxd3 Ng6+ 50. Kh5 Nf4+ 51. Kh6 Nxd3) 49. Rd3 {[#]} Nf4 $2 (49... Ne3 $1 $19 {[%mdl 512] ( -> ...Ng2+)} 50. e7 (50. Rd8+ $2 Kg7 $19) (50. Rxe3 d1=Q) 50... Kf7 $1 51. e8=B+ Kxe8) 50. Rd8+ $11 {The position is equal.} Kg7 51. e7 ({Avoid the trap} 51. Rd7+ $2 Kh6 52. Kg4 {[#]} Nd3 $1 {[%mdl 512]} 53. Rxd3 Nf2+ 54. Kg3 Nxd3 $19) 51... Ng6+ 52. Kg4 $1 Nxe7 53. Kf4 Nc5 54. Rxd2 Ne6+ 55. Kg4 Kf7 56. Rf2+ Kg7 57. Rf6 Nf8 58. Rb6 Nfg6 59. Rb5 Kf7 60. h4 {[%cal Bh3h4,Bh4h5,Bh5h6][%mdl 32]} Ke6 61. Rb6+ Kxe5 62. h5 Nf4 63. Rb7 Nfd5 64. Kg5 Ke6 65. Rb1 Kf7 66. Rf1+ Kg8 67. h6 $1 Ng6 68. Rd1 Nge7 69. Rf1 {Never resign too early!  Weighted Error Value: White=0.44/Black=0.40} 1/2-1/2

[Event "Charlotte GM-A MLK 2022"]
[Site "Charlotte"]
[Date "2022.01.14"]
[Round "2.2"]
[White "Mishra, Abhimanyu"]
[Black "Vivekananthan, Anish"]
[Result "1/2-1/2"]
[WhiteElo "2510"]
[BlackElo "2319"]
[Annotator "TA"]
[PlyCount "139"]
[EventDate "2022.01.13"]
[EventType "tourn"]
[EventCountry "USA"]
[SourceTitle "playchess.com"]
[Source "ChessBase"]
[SourceQuality "1"]

{[%evp 13,138,44,40,31,22,25,27,18,20,26,41,29,42,42,45,19,17,15,15,10,17,12,43,35,41,40,57,55,48,52,66,54,118,111,114,110,110,107,130,132,129,129,137,104,125,125,125,125,139,98,94,94,91,91,114,92,90,79,125,12,58,39,39,39,306,259,493,502,723,621,703,702,555,479,1201,1118,1017,1017,1224,1173,6419,6419,5046,3520,2832,2077,815,8,8,0,0,0,0,0,0,0,0,0,0,0,0,0,0,0,0,0,0,0,0,0,0,0,0,0,0,0,0,0,0,0,0,0,0,0,0,0,0]} 1. e4 e5 2. Nf3 Nc6 3. Bc4 Bc5 4. c3 Nf6 5. d3 O-O 6. O-O d5 7. exd5 Nxd5 8. a4 {C54: Giuoco Piano: 4 c3 Nf6, main lines with 5 d4 and 5 d3.} Bf5 9. Nbd2 {[%cal Bb1d2,Bd2c4,Bc4e5,Be5f3,Bf3d4][%mdl 32]} Nb6 10. Bb5 {White has an edge.} Bxd3 11. Re1 Bxb5 12. axb5 Ne7 13. Nxe5 {[#]} Bd6 $146 ({Predecessor:} 13... f6 14. Nef3 Ng6 15. b4 Be7 16. Qb3+ Kh8 17. c4 c6 18. bxc6 bxc6 19. Bb2 Qc8 {1-0 (29) Munshi,A (2117)-Brett,A (2112) England 2018}) 14. Ndc4 (14. Nef3 {looks sharper.} Re8 15. Ne4 Ned5 16. Bd2 Nc4 17. b3) 14... Bxe5 15. Nxe5 Qxd1 16. Rxd1 f6 17. Nf3 Rfd8 18. Rxd8+ Rxd8 19. Kf1 Nbc8 20. Nd4 Kf7 21. Bf4 Rd7 22. Ke2 c6 (22... g5 $14 23. Be3 Nd5) 23. bxc6 $16 {White is more active.} Nxc6 24. Nxc6 bxc6 {[%mdl 4096] Endgame KRB-KRN} 25. Be3 Rb7 26. b4 Ke6 27. Kd3 Nb6 28. c4 {To avoid Nd5} Rd7+ 29. Kc3 Rb7 30. Ra6 Kd7 31. Kd4 (31. Kb3 $142) 31... Kc8 32. Kc5 Rc7 33. Bf4 Rd7 34. Kxc6 {Strongly threatening Kb5.} Nxc4 35. b5 Re7 (35... h6 $142) 36. Kc5 (36. Ra4 $16 Nb2 37. Bd6 $1) 36... Ne5 (36... Kb7 $1 $11) 37. Kd6 Rd7+ 38. Ke6 {aiming for Be3.} Rb7 $2 {[%mdl 8192] [#]} ({Black should play} 38... Nf7 $1 $14) 39. Be3 $1 $18 Kb8 $2 (39... Nf7 40. Rxa7 Nd8+ 41. Kd5 (41. Kd6 Nf7+ 42. Ke6 Nd8+ 43. Kd5 Rxa7 $18) 41... Rxa7 42. Bxa7 Kd7) 40. b6 axb6 41. Rxb6 Rxb6+ 42. Bxb6 {KB-KN} Kc8 43. Bd4 Nc6 (43... Nd3 $142 44. Kf7 g6 45. Kxf6 Kd8) 44. Bc3 Nd8+ 45. Ke7 h5 46. f4 {[%cal Bf2f4,Bf4f5][%mdl 32]} h4 47. f5 Nc6+ 48. Kf7 Kd7 49. Kxg7 Ne7 50. Kxf6 $2 ({Better is} 50. Bd2 $18 Nxf5+ 51. Kxf6) 50... Nd5+ $11 {The position is equal.} 51. Kg5 h3 52. Bd4 hxg2 53. h4 Ke7 54. h5 Kf7 55. h6 Nf6 $1 56. Kf4 Kg8 57. Kg5 Kf7 58. Bg1 Ne4+ 59. Kf4 Nf6 60. Kf3 Kg8 61. Be3 Kh7 62. Kxg2 {Kf3 is the strong threat.} Ng4 {[%csl LRe3,LRh6]} 63. Kf3 Nxe3 64. Kxe3 {Intending Kd4 and mate.} Kxh6 {KP-K} 65. Kf4 {White threatens Ke5 and mate.} Kg7 66. Kg5 Kf7 67. f6 Kf8 68. Kg6 {White wants to mate with f7.} Kg8 69. f7+ Kf8 70. Kf6 {White really could win this.  Weighted Error Value: White=0.24 (precise) /Black=0.24 (precise)} 1/2-1/2

[Event "Charlotte GM-A MLK 2022"]
[Site "Charlotte"]
[Date "2022.01.14"]
[Round "2.3"]
[White "Zhou, Jianchao"]
[Black "Vazquez, Guillermo"]
[Result "1/2-1/2"]
[WhiteElo "2617"]
[BlackElo "2532"]
[Annotator "TA"]
[PlyCount "48"]
[EventDate "2022.01.13"]
[EventType "tourn"]
[EventCountry "USA"]
[SourceTitle "playchess.com"]
[Source "ChessBase"]
[SourceQuality "1"]

{[%evp 9,48,27,34,32,28,19,31,21,28,23,25,20,29,28,18,33,29,10,8,1,8,0,0,0,19,16,22,22,31,0,0,-6,-6,-13,-6,-17,-16,-20,-25,-30,-12]} 1. d4 d5 2. c4 e6 3. Nc3 a6 4. cxd5 exd5 5. Nf3 h6 6. Bf4 {D31: Queen's Gambit Declined: Semi-Slav without ...Nf6 (+ Marshall Gambit and Noteboom) and Exchange Variation lines without ...Nf6.} Nf6 7. e3 (7. Rc1 {feels hotter.} Bd6 8. Be5 Be6 9. e3 O-O 10. Bd3) 7... Bd6 8. Bxd6 {White is slightly better.} (8. Be5 {is more complex.} c6 9. Bd3 O-O 10. O-O Re8 11. h3) 8... Qxd6 9. Qc2 O-O 10. h3 Nc6 {[%cal Bb8c6,Bc6e7,Be7f5][%mdl 32]} 11. a3 {[#]} Ne7 $146 ({Predecessor:} 11... Re8 12. Bd3 Bd7 13. O-O Rad8 14. b4 Ne7 15. Rfb1 b5 16. Rc1 c6 {1-0 (33) Saravanan,A (101)-Bains Gillespie,J (1280) Coventry 2015}) 12. Bd3 {Inhibits Bf5.} g6 13. O-O Bf5 14. Rac1 c6 15. Na4 Bxd3 16. Qxd3 Nf5 17. Nc5 Qc7 18. Rfe1 Nd6 19. Nd2 Rfe8 20. Re2 Re7 21. Rce1 Rae8 22. e4 dxe4 23. Ndxe4 Ndxe4 24. Nxe4 Nxe4 {Weighted Error Value: White=0.06 (flawless) /Black=0.02 (flawless)} 1/2-1/2